00221nam a2200097Ia 4500008004100000041001200041100001500053245004200068260000600110650000700116221030s9999 xx 000 0 und d aEnglish aS. M. John 0aEmerging Entrepreneurscby S. M. John c0 aMb